Statistics for Better Call Saul Trivia #V

Click here to take the quiz!

General Stats

  • This quiz has been taken 17 times
  • The average score is 8 of 15

Answer Stats

HintAnswer% Correct
Creator of the show: __ GilliganVince
100%
Nachos surnameVarga
89%
One of Gus' henchmenVictor
89%
Mike fought in this warVietnam
89%
Spanish for "green"Verde
67%
A __ is the final decision in a legal caseVerdict
67%
Caldera is this type of doctorVeterinatian
56%
Jimmys alias when scamming with KimViktor (with a K)
56%
Gus drives this brand of carVolvo
56%
Hector is issued by a nurse to take his __Vitamins
44%
One of the german workers leaves via the airport in this cityVancouver
33%
Duelce __ Hot Springs is a hotel where Werner stays after escapingVega
33%
The Disappearer Ed is officially in this businessVacuum
22%
Kims assistantViola
22%
Doreen __ is a malpractice insurance agent at the Santa Rosa InsuranceValco
11%

Score Distribution

Percentile by Number Answered

Percent of People with Each Score

Your Score History

You have not taken this quiz